000 00596nam a22001937a 4500
003 ASAB
005 20180827062821.0
008 180315t xxu||||| |||| 00| 0 eng d
040 _cASAB
082 _aThesis 2016 MM
100 _aMinahil Mehdi-sup-Dr. Peter John
_93555
245 _aTH-MS-Molecular screening of acute myeloid leukemia patients of Pakistan origin
_cMinahil Mehdi-sup-Dr. Peter John
250 _a2016
260 _aIslamabad.
_bASAB NUST Islamabad
_c2016
300 _axv, 74 P.
630 _aHealthcare Biotechnology
_93556
630 _aLeukemia
_93557
942 _2ddc
_cTH
999 _c480748
_d480748